Les 100 plus grandes villes des Pays de la Loire sur une carte - Statistiques

Statistiques générales
  • Ce quiz a été pris 353 fois
  • Le résultat moyen est 33 sur 100
Réponses sur la Carte
Les réponses sont colorées sur une échelle allant du rouge au vert en fonction du pourcentage des utilisateurs qui les ont devinées à leur premier essai. Vous pouvez retrouver ces pourcentages ci-dessous.
 
Statistiques - réponses
Population Ville % Correct
323 204 Nantes
99%
157 175 Angers
97%
145 004 Le Mans
97%
49 657 Laval
93%
72 057 Saint-Nazaire
93%
54 952 La Roche-sur-Yon
92%
48 402 Les Sables-d'Olonne
84%
53 936 Cholet
83%
26 215 Saumur
74%
49 537 Saint-Herblain
71%
12 900 Mayenne
69%
42 998 Rezé
69%
17 910 Pornic
62%
16 468 La Baule-Escoublac
61%
14 937 La Flèche
60%
20 510 Carquefou
56%
22 494 Challans
54%
12 096 Sablé-sur-Sarthe
54%
12 189 Châteaubriant
52%
27 872 Orvault
52%
28 283 Saint-Sébastien-sur-Loire
52%
13 471 Fontenay-le-Comte
51%
16 710 Château-Gontier-sur-Mayenne
49%
16 151 Guérande
49%
12 121 Pornichet
49%
16 453 Les Herbiers
48%
11 099 Ancenis-Saint-Géréon
47%
8 741 Saint-Jean-de-Monts
46%
20 331 La-Chapelle-sur-Erdre
45%
17 699 Segré-en-Anjou-Bleu
45%
26 002 Vertou
45%
20 605 Montaigu-Vendée
42%
14 411 Saint-Brévin-les-Pins
38%
7 974 Saint-Gilles-Croix-de-Vie
38%
23 057 Couëron
37%
20 410 Bouguenais
35%
23 639 Beaupréau-en-Mauges
33%
7 465 Clisson
33%
12 682 Saint-Hilaire-de-Riez
33%
9 483 Luçon
30%
15 527 Sainte-Luce-sur-Loire
30%
25 806 Sèvremoine
29%
9 327 Nort-sur-Erdre
28%
12 725 Les Ponts-de-Cé
27%
15 358 Trélazé
27%
9 555 Basse-Goulaine
26%
8 799 La Ferté-Bernard
26%
7 642 Machecoul-Saint-Même
26%
11 075 Pontchâteau
25%
14 938 Avrillé
24%
10 187 Blain
24%
9 350 Savenay
24%
7 366 Sucé-sur-Erdre
24%
11 013 Allonnes
22%
8 508 Évron
21%
8 512 Sautron
20%
9 468 Vallet
20%
9 388 Saint-Philbert-de-Grand-Lieu
19%
10 146 Aizenay
18%
8 113 Donges
18%
10 783 Thouaré-sur-Loire
18%
11 757 Baugé-en-Anjou
17%
21 386 Chemillé-en-Anjou
17%
8 626 Le Poiré-sur-Vie
17%
9 031 Les Sorinières
17%
8 161 Talmont-Saint-Hilaire
17%
8 106 Trignac
17%
8 144 Bouaye
16%
11 228 Doué-en-Anjou
16%
7 658 Saint-Étienne-de-Montluc
16%
18 331 Mauges-sur-Loire
15%
7 252 Montoir-de-Bretagne
15%
7 353 Saint-Berthevin
15%
10 230 Treillières
15%
8 447 Chantonnay
14%
6 881 Saint-André-des-Eaux
14%
7 653 Saint-Julien-de-Concelles
14%
7 133 Herbignac
13%
8 649 Le Loroux-Bottereau
12%
9 460 Saint-Barthélemy-d'Anjou
12%
7 218 Sainte-Pazanne
12%
8 003 Coulaines
11%
7 842 Montreuil-Juigné
11%
16 709 Orée d'Anjou
11%
16 416 Loire-Authion
10%
7 517 Loireauxence
10%
6 994 Beaufort-en-Anjou
9%
10 895 Brissac-Loire-Aubance
9%
9 399 Essarts en Bocage
9%
8 464 Gennes-Val-de-Loire
9%
6 780 Pont-Saint-Martin
9%
7 057 Divatte-sur-Loire
8%
6 759 Grandchamp-des-Fontaines
8%
15 755 Montrevault-sur-Èvre
7%
7 775 Verrières-en-Anjou
7%
7 069 Aubigny-les-Clouzeaux
6%
7 724 Lys-Haut-Layon
6%
8 859 Ombrée d'Anjou
6%
7 184 Chaumes-en-Retz
5%
8 727 Les Hauts-d'Anjou
5%
Aucun quiz correspondant
Distribution des résultats
% des personnes avec chaque résultat
Percentile par nombre de réponses
Votre historique - résultats
Vous n’avez pas pris ce quiz